University Home | Library Home | Institutional Repository

Pneumatic circuit ready reckoner. (Record no. 160521)

MARC details
000 -LEADER
fixed length control field 00549cam3a220019300 4500
001 - CONTROL NUMBER
control field tmp15696273
003 - CONTROL NUMBER IDENTIFIER
control field UPRA
005 - DATE AND TIME OF LATEST TRANSACTION
control field 20190826094521.0
008 - FIXED-LENGTH DATA ELEMENTS--GENERAL INFORMATION
fixed length control field 951005s1967 enk eng u
035 ## - SYSTEM CONTROL NUMBER
System control number (Sirsi) r60159
035 ## - SYSTEM CONTROL NUMBER
System control number (UPRA)tmp15696273
040 ## - CATALOGING SOURCE
Transcribing agency UPRA
100 1# - MAIN ENTRY--PERSONAL NAME
Personal name Kay, Francis Xavier.
Linkage A19572.1
245 10 - TITLE STATEMENT
Title Pneumatic circuit ready reckoner.
260 ## - PUBLICATION, DISTRIBUTION, ETC.
Place of publication, distribution, etc. Brighton [England] :
Name of publisher, distributor, etc. Machinery Pub. Co.,
Date of publication, distribution, etc. [1967]
650 #0 - SUBJECT ADDED ENTRY--TOPICAL TERM
Topical term or geographic name entry element Pneumatic control.
Linkage S13984.1
949 ## - LOCAL PROCESSING INFORMATION (OCLC)
a TJ950
w lcc
i -78985
m MAIN
t BOOK
l ON-SHELF

No items available.

© 2026 - The University of Zambia Library - Koha v25.11